Año vigineo cuyos dias son finezas de la gran reina del cielo María Santísima Virgen Madre del Altísimo...

Detalles Bibliográficos
Autor principal: DOLZ DEL CASTELLAR, Esteban
Formato: Libro
Publicado: Madrid 1705
Materias:
Colección:Banco de datos
Acervo:Biblioteca del Ex Convento de Nuestra Señora de Guadalupe. Zacatecas
Descripción Física:2a. parte
Tema general:Mariología
Notas:Mala. XXXII, 3, 18 (8743).
LEADER 00766nam a22002050004500
035 |a 49481 
036 |a 10665 
100 1 |a DOLZ DEL CASTELLAR, Esteban. 
245 1 0 |a Año vigineo cuyos dias son finezas de la gran reina del cielo María Santísima Virgen Madre del Altísimo... 
260 |a Madrid  |b imp. Antonio de Reyes  |c 1705 
300 |a 2a. parte 
500 |a Mala. XXXII, 3, 18 (8743). 
650 1 0 |a Mariología 
949 |a CRZ-CG 
959 |a Ex convento de Nuestra Señora de Guadalupe, Museo Regional de Zacatecas, Zacatecas  |b CCC4 
960 |a Convento de Nuestra Señora de Guadalupe, Zacatecas  |b DD87 
961 |a Franciscana  |b OF 
942 |c CRZ-CG 
943 |g Biblioteca del Ex Convento de Nuestra Señora de Guadalupe. Zacatecas 
999 |c 973608  |d 973608